Yanka, yanka / (Registro nro. 6417)

Detalles MARC
000 -LEADER
fixed length control field 01058nam a22002657a 4500
003 - CONTROL NUMBER IDENTIFIER
control field OSt
005 - DATE AND TIME OF LATEST TRANSACTION
control field 20220104154003.0
008 - FIXED-LENGTH DATA ELEMENTS--GENERAL INFORMATION
fixed length control field 200203s2008 ck a|||br|||| 00| j spa d
020 ## - INTERNATIONAL STANDARD BOOK NUMBER
International Standard Book Number 9789587047547
040 ## - CATALOGING SOURCE
Original cataloging agency CO-JMCR
Transcribing agency CO-JMCR
041 0# - LANGUAGE CODE
Language code of text/sound track or separate title spa
082 ## - DEWEY DECIMAL CLASSIFICATION NUMBER
Classification number C /
Item number HINy
100 1# - MAIN ENTRY--PERSONAL NAME
Personal name Hinojosa, Francisco,
Relator term autor
9 (RLIN) 111
245 10 - TITLE STATEMENT
Title Yanka, yanka /
Statement of responsibility, etc. Francisco Hinojosa ; ilustraciones de El Fisgón
260 ## - PUBLICATION, DISTRIBUTION, ETC.
Place of publication, distribution, etc. Bogotá :
Name of publisher, distributor, etc. Alfaguara,
Date of publication, distribution, etc. 2008
300 ## - PHYSICAL DESCRIPTION
Extent [32] páginas :
Other physical details ilustraciones a color ;
Dimensions 19 cm.
490 0# - SERIES STATEMENT
Series statement Alfaguara infantil
520 ## - SUMMARY, ETC.
Summary, etc. La familia pingüina decide ir de vacaciones a la playa para que los pequeños vean cómo es la vida lejos del Polo Sur. Ahí conocen muchos animales y, aunque la pasan muy bien, comprenden que no hay nada mejor que estar en casa.
521 ## - TARGET AUDIENCE NOTE
Target audience note Desde 6 años
Source Tomado de tapa posterior
650 14 - SUBJECT ADDED ENTRY--TOPICAL TERM
Topical term or geographic name entry element Cuentos infantiles
9 (RLIN) 177
650 14 - SUBJECT ADDED ENTRY--TOPICAL TERM
Topical term or geographic name entry element Pingüinos
General subdivision cuentos infantiles
9 (RLIN) 178
650 14 - SUBJECT ADDED ENTRY--TOPICAL TERM
Topical term or geographic name entry element Vacaciones
General subdivision cuentos infantiles
9 (RLIN) 179
710 ## - ADDED ENTRY--CORPORATE NAME
Corporate name or jurisdiction name as entry element El fisgón,
Relator term ilustrador
9 (RLIN) 112
942 ## - ADDED ENTRY ELEMENTS (KOHA)
Source of classification or shelving scheme Dewey Decimal Classification
Koha item type Books
Existencias
Withdrawn status Lost status Source of classification or shelving scheme Damaged status Not for loan Collection code Home library Current library Shelving location Date acquired Source of acquisition Cost, normal purchase price Total Checkouts Full call number Barcode Date last seen Date last checked out Copy number Price effective from Koha item type
    Dewey Decimal Classification     Fiction Biblioteca Pública José María del Castillo y Rada Biblioteca Pública José María del Castillo y Rada Processing Center 12/19/2019 Donación 0.00 2 C / HINy 201809707 11/06/2024 11/05/2024 Ej.1 02/03/2020 Books